| 000 | 00454nam a2200181 a 4500 | ||
|---|---|---|---|
| 005 | 20140310183302.0 | ||
| 008 | 050531s19uu xx 00 eng d | ||
| 020 | _a0256171920 | ||
| 050 |
_aHB 171.5 _b.Sl6276 1996 |
||
| 100 | _aSlavin, Stephen L. | ||
| 245 |
_aEconomics / _cStephen L. Slavin |
||
| 250 | _a4th ed. | ||
| 300 |
_a821 p. : _bcol. ill. ; _c28 cm. |
||
| 521 | _aBSBA | ||
| 650 | _aEconomics. | ||
| 942 |
_cBK _2lcc _kFOR |
||
| 999 |
_c20999 _d20999 |
||